Funktionen der Sprache in der heutigen multilingualen Gesellschaft

Funkcie jazyka z pohľadu niektorých lingvistických teórií. Bühlerov komunikačný model. Dôležitý význam funkcií jazyka v multilingválnej spoločnosti, pretože umožňujú lepšie pochopiť cudzie jazyky a kultúry.

Salvato in:
Dettagli Bibliografici
Autore principale: Adamcová, Lívia
Natura: Capitolo di libro
Lingua:tedesco
Soggetti:
Tags: Aggiungi Tag
Nessun Tag, puoi essere il primo ad aggiungerne!!

MARC

LEADER 00000nla$a2200000$$$4500
001 0119825
005 20240502072334.2
041 0 |a ger 
044 |a SK 
245 1 0 |a Funktionen der Sprache in der heutigen multilingualen Gesellschaft  |c Lívia Adamcová 
520 |a Funkcie jazyka z pohľadu niektorých lingvistických teórií. Bühlerov komunikačný model. Dôležitý význam funkcií jazyka v multilingválnej spoločnosti, pretože umožňujú lepšie pochopiť cudzie jazyky a kultúry. 
610 2 0 |a jazykoveda 
610 2 0 |a jazyky cudzie 
610 2 0 |a nemčina 
610 2 0 |a komunikácia 
610 2 0 |a kultúra 
100 1 |a Adamcová, Lívia